|
|
|
|
| LEADER |
00000nab a2200000 a 4500 |
| 001 |
vtls000139727 |
| 003 |
SK-MaSNL |
| 005 |
20260304075258.0 |
| 008 |
250422c1982 xo 0 slo |
| 015 |
|
|
|a SNBRB19rr/mm-uuuuu
|
| 035 |
|
|
|a CL0149833
|
| 035 |
|
|
|a urn:nbn:sk:snk-ab1ytk
|
| 035 |
|
|
|a (urnnbn)urn:nbn:sk:snk:ar-a0197x
|
| 035 |
|
|
|a (uuid)7edcb170-a3ec-4509-9d0e-3b5e1e9a6872
|
| 040 |
|
|
|a SNKBUCL
|b slo
|c SNKBUCL
|e AACR2
|
| 041 |
0 |
|
|a slo
|
| 044 |
|
|
|a xo
|c SK
|
| 080 |
|
|
|a 91
|2 1981
|
| 080 |
|
|
|a 551.4
|2 1981
|
| 080 |
|
|
|a 528
|2 1981
|
| 100 |
1 |
|
|a Drgoňa, Vladimír,
|d 1955-
|4 aut
|9 118110
|
| 245 |
1 |
0 |
|a I. S. Zonneveld: Land evaluation and land (Scape) science
|c Vladimír Drgoňa ; I. S. Zonneveld
|
| 650 |
0 |
7 |
|a geografia
|2 snkbucl
|9 823
|
| 650 |
0 |
7 |
|a geomorfológia
|2 snkbucl
|9 22491
|
| 655 |
|
7 |
|a články z novín a časopisov
|2 snkbucl
|9 267496
|
| 700 |
1 |
|
|a Zonneveld, I. S.
|4 aut
|9 1355416
|
| 773 |
0 |
|
|t Geografický časopis
|g Roč. 34, č. 3 (1982), s. 296-298
|
| 787 |
0 |
8 |
|i Rec.:
|a Zonneveld, I. S.
|t Land evaluation and land (Scape) science
|
| 850 |
|
|
|a Slovenská národná knižnica
|
| 852 |
|
|
|a Slovenská národná knižnica
|
| 954 |
|
|
|a odborná, vedecká literatúra pôvodná (slovenská)
|2 lita
|
| 958 |
|
|
|a article27
|
| 958 |
|
|
|a RK
|
| 958 |
|
|
|a OND
|
| 958 |
|
|
|a EUIPO
|
| 992 |
|
|
|a RBX
|
| 999 |
|
|
|c 2780558
|d 2782488
|